Rap français en image - Statistiques

Statistiques générales
  • Ce quiz a été pris 210 fois
  • Le résultat moyen est 14 sur 16
Statistiques - réponses
Par images Réponse % Correct
Jul
100%
Pnl
98%
Sch
98%
Booba
97%
Damso
96%
Ninho
95%
Kaaris
94%
Niska
93%
Plk
93%
Maes
91%
Sdm
90%
Wejdene
87%
Lacrim
77%
Alonzo
76%
Djadja & Dinaz
66%
Brulux
45%
Aucun quiz correspondant
Distribution des résultats
% des personnes avec chaque résultat
Percentile par nombre de réponses
Votre historique - résultats
Vous n’avez pas pris ce quiz